<?xml version="1.0" encoding="UTF-8"?>
<record
    xmlns:xsi="http://www.w3.org/2001/XMLSchema-instance"
    xsi:schemaLocation="http://www.loc.gov/MARC21/slim http://www.loc.gov/standards/marcxml/schema/MARC21slim.xsd"
    xmlns="http://www.loc.gov/MARC21/slim">

  <leader>00879nam a2200265Ia 4500</leader>
  <controlfield tag="001">21885</controlfield>
  <controlfield tag="005">20260320113321.0</controlfield>
  <controlfield tag="008">260320s9999||||xx |||||||||||||| ||und||</controlfield>
  <datafield tag="020" ind1=" " ind2=" ">
    <subfield code="a">9789871486106</subfield>
  </datafield>
  <datafield tag="041" ind1=" " ind2=" ">
    <subfield code="a">ESP</subfield>
  </datafield>
  <datafield tag="082" ind1=" " ind2=" ">
    <subfield code="a">382.17</subfield>
    <subfield code="b">R769</subfield>
  </datafield>
  <datafield tag="100" ind1=" " ind2=" ">
    <subfield code="a">Rozenberg, Arnoldo, </subfield>
    <subfield code="e">AUT</subfield>
  </datafield>
  <datafield tag="245" ind1=" " ind2="0">
    <subfield code="a">Comprendiendo la balanza de pagos :</subfield>
    <subfield code="b">teor&#xED;a general, aplicaciones econ&#xF3;micas, financieras y contables en Am&#xE9;rica Latina</subfield>
  </datafield>
  <datafield tag="246" ind1=" " ind2=" ">
    <subfield code="a"></subfield>
    <subfield code="5"></subfield>
    <subfield code="b"></subfield>
  </datafield>
  <datafield tag="260" ind1=" " ind2=" ">
    <subfield code="a">Buenos Aires :</subfield>
    <subfield code="b">Cengage Learning,</subfield>
    <subfield code="c">2008</subfield>
  </datafield>
  <datafield tag="300" ind1=" " ind2=" ">
    <subfield code="a">193 p&#xE1;ginas :</subfield>
    <subfield code="b">tablas, gr&#xE1;ficos ;</subfield>
    <subfield code="c">28 cm.</subfield>
    <subfield code="e"></subfield>
  </datafield>
  <datafield tag="440" ind1=" " ind2=" ">
    <subfield code="a"></subfield>
    <subfield code="n"></subfield>
    <subfield code="v"></subfield>
  </datafield>
  <datafield tag="500" ind1=" " ind2=" ">
    <subfield code="a">No tiene portada / Datos extra&#xED;dos de Worldcat</subfield>
  </datafield>
  <datafield tag="650" ind1=" " ind2=" ">
    <subfield code="a">CIS</subfield>
  </datafield>
  <datafield tag="653" ind1=" " ind2=" ">
    <subfield code="a">Balanza de pagos Am&#xE9;rica Latina</subfield>
  </datafield>
  <datafield tag="654" ind1=" " ind2=" ">
    <subfield code="a">CAN</subfield>
  </datafield>
  <datafield tag="700" ind1=" " ind2=" ">
    <subfield code="a"></subfield>
    <subfield code="c"></subfield>
  </datafield>
  <datafield tag="856" ind1=" " ind2=" ">
    <subfield code="u">https://www-jstor-org.ucsp.lookproxy.com/</subfield>
    <subfield code="z">V&#xE9;ase adem&#xE1;s: Base de datos JSTOR</subfield>
  </datafield>
  <datafield tag="942" ind1=" " ind2=" ">
    <subfield code="c">LIB</subfield>
    <subfield code="d">JUS</subfield>
    <subfield code="f">MIP</subfield>
    <subfield code="2">ddc</subfield>
    <subfield code="n"></subfield>
  </datafield>
  <datafield tag="999" ind1=" " ind2=" ">
    <subfield code="c">21885</subfield>
    <subfield code="d">21885</subfield>
  </datafield>
  <datafield tag="952" ind1=" " ind2=" ">
    <subfield code="o">382.17 R769</subfield>
    <subfield code="p">1086139</subfield>
    <subfield code="8">UCSP</subfield>
    <subfield code="t">2</subfield>
    <subfield code="7">0</subfield>
    <subfield code="5">2</subfield>
    <subfield code="b">VAB</subfield>
    <subfield code="a">VAB</subfield>
    <subfield code="c">PBA</subfield>
    <subfield code="d">2026-03-10</subfield>
    <subfield code="e">1</subfield>
    <subfield code="r">2026-03-20 16:33:21</subfield>
    <subfield code="l">0</subfield>
    <subfield code="w">2026-03-20</subfield>
    <subfield code="y">LIB</subfield>
    <subfield code="1">0</subfield>
    <subfield code="2">ddc</subfield>
    <subfield code="4">0</subfield>
    <subfield code="0">0</subfield>
  </datafield>
</record>
